01405nam a2200277Ia 4500001000600000003000900006008004100015040001300056040001300069041001300082100001500095100002900110242002900139242003400168242000800202245003000210245003000240250001100270260001000281260001500291260004900306300004300355500066500398650003301063650003101096E0663IT-RoPAU130308s9999 xx 000 0 und d aIT-RoPAU cIT-RoPAU aFRANCESE aScheer Leo gCodice Aut. SPICS: 47097 aDEMOCRAZIA virtuale (LA) nCod. Traduzione Titolo: E5399 yITA aDemocratie virtuelle (La) bDemocratie Virtuelle (La) a1a ed. aPARIS bFlammarion c1994 [1° Ed.:1994 - Ed.Ling.Originale:1994] a"164 p. (prefazione: no ; testo: 164)" aDemocrazia Virtuale. Implosione del Messaggio ed Esplosione del Segno. schermo e Scritto. tre pilastri della Società Virtuale: Comunicazione, Informazione e Commutazione. Situazione Oggi. Incantesimo tecnologico del Mondo. battaglia delle Autostrade dell'Informazione. Dalla Democrazia Come Contratto Alla Democrazia Come Segno. Nuovi Templi di Las Vegas. Democrazia senza Fini. Società Transazionale. Sfida del Telecomando. Democrazia Virtuale. Bibliografia. Come Vivremo nel Virtuale? ci Sarà una riorganizzazione totale di Tutte le Funzioni Base e degli Ordini Tradizionali della Produzione. delle Ideologie, della Vita Militare, della Vita Religiosa? aTEORIA DELLA MULTIMEDIALITA' eCodice materia Spics: 4253